000 00526 a2200181 4500
005 20240528145513.0
010 _aB-759219
020 _a9788119099917
_c125.00
035 _aB-759219
037 _bGift
082 _a920
245 _aFamous Illustrated Tales of Indian Women Personalities/
260 _aNoida
_bMaple Press Private Limited
_c2024
270 _aA-62 Sector-58
_bNoida
_e201301
300 _a72 p.
_c22 cm(Pb)
942 _adpl
_cCH
_2ddc
_h920
_mFAM
999 _c203331
_d203331